| 000 | 00730nam a2200217 4500 | ||
|---|---|---|---|
| 003 | LK-CoMWRAF | ||
| 005 | 20240106133044.0 | ||
| 008 | 230822b2008 |||||||| |||| 00| 0 eng d | ||
| 020 | _a9781402210877 | ||
| 040 |
_aLK-CoMWRAF _dLK-CoMWRAF _eLK-CoMWRAF |
||
| 041 | _aeng | ||
| 082 |
_a892.736 _bAHM |
||
| 100 | _aAhmed, Qanta. | ||
| 245 |
_aIn the land of invisible women: _ba female doctor's journey in the Saudi Kingdom |
||
| 260 |
_aNaperville: _bSourcebooks, _c2008 |
||
| 300 |
_a 454 p. ; 23 cm. _bBibliography included |
||
| 650 | _aWOMEN PHYSICIANS-ISLAMIC COUNTRIES-BIOGRAPHY | ||
| 650 | _aWomen in medicine--Islamic countries--Biography. | ||
| 650 | _aMuslim physicians--Islamic countries--Biography. | ||
| 942 | _cBK | ||
| 999 |
_c3247 _d3247 |
||